Pakistan Ka Mimar-E-Awwal, Sir Syed (Record no. 2041)

MARC details
000 -LEADER
fixed length control field 00600nam a2200241 a 4500
020 ## - INTERNATIONAL STANDARD BOOK NUMBER
ISBN
082 00 - DEWEY DECIMAL CLASSIFICATION NUMBER
Classification number 922.97
Author Cutter SAL1
100 ## - MAIN ENTRY--AUTHOR NAME
Author name Saleemi, Safdar
245 ## - TITLE STATEMENT
Title Pakistan Ka Mimar-E-Awwal, Sir Syed
260 ## - PUBLICATION, DISTRIBUTION, ETC. (IMPRINT)
Place of publication Lahore
Name of publisher Idara Tulu-E-Islam
Year of publication 1867
300 ## - PHYSICAL DESCRIPTION
Number of Pages 208p
500 ## - GENERAL NOTE
General note includes index and biblioraphy
505 2# - FORMATTED CONTENTS NOTE
Formatted contents note Appendix, Bibliography
650 ## - SUBJECT ADDED ENTRY--TOPICAL TERM
Topical Term Syed Ahmad Khan
942 ## - ADDED ENTRY ELEMENTS (KOHA)
Koha item type Books
700 1# -
-- Saleemi, Safdar
Holdings
Home library Current library Date acquired Cost, normal purchase price Full call number Accession Number Koha item type
Henry Martyn Institute Library Henry Martyn Institute Library 06/06/2007 100.00 922.97 SAL1 3361 Archive Book
                   Copyright © 2026 | Henry Martyn Institute | Hyderabad | TS-500052 | INDIA | Implemented by hmi.edu.in
Hit-Count:

Powered by Koha